000 00928nam a22002537a 4500
005 20090220101140.0
008 090220t xxu||||| |||| 00| 0 eng d
010 _aENG-92343
020 _c200.00
_a9788190752534
035 _aEN-75876
037 _bDBAD / PUB
040 _adpl
_bEnglish
082 _a005.133
100 _aPriskilla, D. Jasmine
245 _aC++ with data structures and algorithms /
_cby D. Jasmine Priskilla
260 _aChennai
_bOzone Books
270 _a138, Sayee Nagar, 3rd Street Virugambakkam,
_bChennai
_e600092
300 _a280p.
_c26cm (pbk)
650 _aC++ (Computer program language).
650 _aComputer algorithms.
650 _aData structures (computer science)
942 _2ddc
_cEN
_mPRI
_h005.133
999 _c20470
_d20470